XML Applications (Record no. 300330)
[ view plain ]
| 000 -LEADER | |
|---|---|
| fixed length control field | 00424nam a2200157Ia 4500 |
| 008 - FIXED-LENGTH DATA ELEMENTS--GENERAL INFORMATION | |
| fixed length control field | 230718s9999 xx 000 0 und d |
| 041 ## - LANGUAGE CODE | |
| Language code of text/sound track or separate title | eng |
| 082 ## - DEWEY DECIMAL CLASSIFICATION NUMBER | |
| Classification number | 005.678 |
| Item number | BOU |
| 100 ## - MAIN ENTRY--PERSONAL NAME | |
| Personal name | Boumphrey F. |
| 9 (RLIN) | 167635 |
| 245 ## - TITLE STATEMENT | |
| Title | XML Applications |
| 260 ## - PUBLICATION, DISTRIBUTION, ETC. (IMPRINT) | |
| Date of publication, distribution, etc. | 2000 |
| Name of publisher, distributor, etc. | Microsoft |
| 300 ## - PHYSICAL DESCRIPTION | |
| Extent | 648 |
| 365 ## - TRADE PRICE | |
| Currency code | Rs. |
| Price amount | 400.00 |
| 700 ## - ADDED ENTRY--PERSONAL NAME | |
| Personal name | Boumphrey F.; Direnzo O.; Duckett J. & Graf J. |
| 9 (RLIN) | 186785 |
| 906 ## - LOCAL DATA ELEMENT F, LDF (RLIN) | |
| d | B:812408-Jun-2000 |
| c | COMP |
| b | 60 |
| Withdrawn status | Lost status | Damaged status | Not for loan | Home library | Current library | Date acquired | Vendor | Budget Code | Cost, normal purchase price | Bill number | Total Checkouts | Full call number | Barcode | Date last seen | Discount | Cost, replacement price | Bill Date | Koha item type | Original Barcode |
|---|---|---|---|---|---|---|---|---|---|---|---|---|---|---|---|---|---|---|---|
| Cummins College of Engineering for Women Pune | Cummins College of Engineering for Women Pune | 24/06/2000 | Pradeep Book Distributors | COMP | 340.00 | 8124 | 005.678 | CCEP-BK-11536 | 18/07/2023 | 60 | 400.00 | 08/06/2000 | Books | 011536 |